Works of Thomas Hardy - Statistics

General Stats
  • This quiz has been taken 345 times
  • The average score is 10 of 29
Answer Stats
Hint Answer % Correct
1895 Jude the Obscure
89%
1886 The Mayor of Casterbridge
88%
1874 Far From the Madding Crowd
85%
1891 Tess of the D'Urbervilles
83%
1878 The Return of the Native
67%
1872 Under the Greenwood Tree
60%
1873 A Pair of Blue Eyes
58%
1887 The Woodlanders
56%
1880 The Trumpet-Major
55%
1882 Two on a Tower
43%
1888 Wessex Tales
42%
1881 A Laodicean
33%
1876 The Hand of Ethelberta
33%
1898 Wessex Poems
31%
1871 Desperate Remedies
29%
1903 The Dynasts
27%
1897 The Well-Beloved
27%
1894 Life's Little Ironies
21%
1908 The Dynasts: Part Three
19%
1906 The Dynasts: Part Two
19%
1891 A Group of Noble Dames
18%
1923 The Famous Tragedy of the Queen of Cornwall
13%
1928 Winter Words
11%
1902 Poems of the Past and Present
6%
1922 Late Lyrics and Ealier
4%
1914 Satires of Circumstance
4%
1913 A Changed Man
2%
1917 Moments of Vision
2%
1909 Time's Laughingstocks
2%
No matching quizzes found
Score Distribution
Percent of People with Each Score
Percentile by Number Answered
Your Score History
You have not taken this quiz